00356 a2200097 4500001001000000005001700010008004100027245010100068100002700169773006200196ART_4147620260410162001.0260409a 10aLos privilegios e inmunidades de la Organización para la prohibición de las armas químicas1 aDojas, Alberto Edgardo0 tPensar en derechog- Año 4, Nº 7 (dic. 2015)wREV28996